000 00358nam a2200157Ia 4500
003 Ost
005 20260225132551.0
008 260225s9999||||xx |||||||||||||| ||und||
040 _cfsic
041 _afre
082 _a792.02
100 _aJacob M
_eAuteur
245 0 _aétude sur le theatre et le cinema arabes /
245 0 _cJacob M
942 _cكتاب
999 _c34141
_d34141